Disciplinary projects and carceral spread: Foucauldian theory and Chinese practice
| 1. VerfasserIn: | |
|---|---|
| Medienart: | Druck Aufsatz |
| Sprache: | Englisch |
| Veröffentlicht: |
1992
|
| In: |
Economy and society
Jahr: 1992, Band: 21, Heft: 3, Seiten: 276-294 |
| Bestand in Tübingen: | In Tübingen vorhanden. IFK: 7729 |
| Verfügbarkeit prüfen: | HBZ Gateway |
| Schlagwörter: |
MARC
| LEADER | 00000caa a22000002c 4500 | ||
|---|---|---|---|
| 001 | 1640272240 | ||
| 003 | DE-627 | ||
| 005 | 20220608131555.0 | ||
| 007 | tu | ||
| 008 | 160223s1992 xx ||||| 00| ||eng c | ||
| 035 | |a (DE-627)1640272240 | ||
| 035 | |a (DE-576)456102302 | ||
| 035 | |a (DE-599)BSZ456102302 | ||
| 040 | |a DE-627 |b ger |c DE-627 |e rakwb | ||
| 041 | |a eng | ||
| 100 | 1 | |a Dutton, Mary Ann |d 1949- |0 (DE-588)124067433 |0 (DE-627)706525914 |0 (DE-576)170325229 |4 aut | |
| 109 | |a Dutton, Mary Ann 1949- |a Dutton, Mary A. 1949- |a Douglas, Mary Ann Dutton- 1949- |a Dutton-Douglas, Mary Ann 1949- | ||
| 245 | 1 | 0 | |a Disciplinary projects and carceral spread: Foucauldian theory and Chinese practice |c Michael Dutton |
| 264 | 1 | |c 1992 | |
| 336 | |a Text |b txt |2 rdacontent | ||
| 337 | |a ohne Hilfsmittel zu benutzen |b n |2 rdamedia | ||
| 338 | |a Band |b nc |2 rdacarrier | ||
| 773 | 0 | 8 | |i In |t Economy and society |d Abingdon : Routledge Journals, Taylor & Francis, 1972 |g 21(1992), 3, Seite 276-294 |w (DE-627)129298808 |w (DE-600)121660-0 |w (DE-576)01449163X |x 0308-5147 |7 nnas |
| 773 | 1 | 8 | |g volume:21 |g year:1992 |g number:3 |g pages:276-294 |
| 935 | |a mkri | ||
| 951 | |a AR | ||
| ELC | |b 1 | ||
| LOK | |0 000 xxxxxcx a22 zn 4500 | ||
| LOK | |0 001 3301780709 | ||
| LOK | |0 003 DE-627 | ||
| LOK | |0 004 1640272240 | ||
| LOK | |0 005 20160223101530 | ||
| LOK | |0 008 160208||||||||||||||||ger||||||| | ||
| LOK | |0 040 |a DE-21-110 |c DE-627 |d DE-21-110 | ||
| LOK | |0 689 |a s |a Strafvollzug | ||
| LOK | |0 689 |a s |a Sozialdisziplinierung | ||
| LOK | |0 689 |a s |a Arbeitserziehungsanstalt | ||
| LOK | |0 689 |a s |a Umerziehung | ||
| LOK | |0 689 |a s |a China | ||
| LOK | |0 852 |a DE-21-110 | ||
| LOK | |0 852 1 |c 7729 |m p |9 00 | ||
| LOK | |0 935 |a k110 | ||
| LOK | |0 938 |k p | ||
| LOK | |0 939 |a 08-02-16 |b l01 | ||
| ORI | |a SA-MARC-krimdoka001.raw | ||
| SIG | |a IFK: 7729 | ||
